Land vs. Land #19 - Statistiken

Allgemein
  • Dieses Quiz wurde 29 mal gespielt
  • Das Durchschnittsergebnis liegt bei 11 aus 14
Antwortstatistiken
Frage Antwort % Korrekt
...Tourismus? Kenia🇰🇪
92%
...Bruttoinlandsprodukt? Kenia🇰🇪
88%
...Bruttoinlandsprodukt pro Kopf? Kenia🇰🇪
88%
...Gewinner? Kenia🇰🇪
88%
...Gesundheitswesen? Kenia🇰🇪
85%
...Lebenserwartung? Kenia🇰🇪
85%
...Exportmengen? Kenia🇰🇪
81%
...Einwohner? Kenia🇰🇪
77%
...Militär? Kenia🇰🇪
77%
...durchschnittlicher IQ? Kenia🇰🇪
77%
...HDI (Human Development Index)? Kenia🇰🇪
73%
...Fläche? Kenia🇰🇪
65%
...Frieden? Kamerun🇨🇲
50%
...Happy Planet Index? Kamerun🇨🇲
27%
Keine übereinstimmenden Quizze gefunden
Verteilung der Resultate
Anzahl Personen mit jedem Resultat
Perzentil nach korrekt beantworteten Fragen
Ihre Resultats-Entwicklung
Sie haben dieses Quiz noch nicht gespielt